Rent reviews for small businesses : a new scheme in which an independent expert is appointed to determine a commercial rent on a capped fee basis. (Record no. 97767)

MARC details
000 -LEADER
fixed length control field 01142cam a2200301 4500
001 - CONTROL NUMBER
control field M97989
008 - FIXED-LENGTH DATA ELEMENTS--GENERAL INFORMATION
fixed length control field 090401t1999 xxu||||| |||| 00| 0 eng d
035 ## - SYSTEM CONTROL NUMBER
System control number (Sirsi) u92685
041 ## - LANGUAGE CODE
Language code of text/sound track or separate title eng
050 ## - LIBRARY OF CONGRESS CALL NUMBER
Classification number 346.4104344
110 ## - MAIN ENTRY--CORPORATE NAME
Corporate name or jurisdiction name as entry element Royal Institution of Chartered Surveyors
9 (RLIN) 4900
245 ## - TITLE STATEMENT
Title Rent reviews for small businesses : a new scheme in which an independent expert is appointed to determine a commercial rent on a capped fee basis.
260 ## - PUBLICATION, DISTRIBUTION, ETC.
Place of publication, distribution, etc. London
Name of publisher, distributor, etc. RICS
Date of publication, distribution, etc. 1999
300 ## - PHYSICAL DESCRIPTION
Extent 1 folded sheet (6)p. ; 30cm.
350 ## - PRICE (NR) (BK AM CF MU VM SE) [OBSOLETE]
Price 0
520 ## - SUMMARY, ETC.
Summary, etc. Produced by RICS Dispute Resolution Service. Provides details on the RICS/ISVA Small Business Scheme, developed in conjunction with DETR.
650 ## - SUBJECT ADDED ENTRY--TOPICAL TERM
Topical term or geographic name entry element COMMERCIAL RENTS
650 ## - SUBJECT ADDED ENTRY--TOPICAL TERM
Topical term or geographic name entry element DEPARTMENT OF THE ENVIRONMENT, TRANSPORT AND THE REGIONS
650 ## - SUBJECT ADDED ENTRY--TOPICAL TERM
Topical term or geographic name entry element INCORPORATED SOCIETY OF VALUERS AND AUCTIONEERS
650 ## - SUBJECT ADDED ENTRY--TOPICAL TERM
Topical term or geographic name entry element INDEPENDENT EXPERTS
650 ## - SUBJECT ADDED ENTRY--TOPICAL TERM
Topical term or geographic name entry element RENT REVIEWS
650 ## - SUBJECT ADDED ENTRY--TOPICAL TERM
Topical term or geographic name entry element RICS DISPUTE RESOLUTION SERVICE
650 ## - SUBJECT ADDED ENTRY--TOPICAL TERM
Topical term or geographic name entry element RICS/ISVA SMALL BUSINESS SCHEME
650 ## - SUBJECT ADDED ENTRY--TOPICAL TERM
Topical term or geographic name entry element SMALL BUSINESSES
690 ## - LOCAL SUBJECT ADDED ENTRY--TOPICAL TERM (OCLC, RLIN)
Topical term or geographic name as entry element LANDLORD AND TENANT-RENT REVIEWS
942 ## - ADDED ENTRY ELEMENTS (KOHA)
Suppress in OPAC 0
948 ## - LOCAL PROCESSING INFORMATION (OCLC); SERIES PART DESIGNATOR (RLIN)
c (OCLC) 13/04/1999
Holdings
Withdrawn status Lost status Source of classification or shelving scheme Damaged status Not for loan Home library Current library Shelving location Date acquired Total Checkouts Full call number Barcode Date last seen Copy number Price effective from Koha item type Cost, normal purchase price Date last checked out Cost, replacement price
    Dewey Decimal Classification     London London RICS Boxes 14/09/1999   RICS 1999/17 30058104 06/08/2019 1 06/08/2019 Archive      
    Dewey Decimal Classification     London London RICS Boxes 14/09/1999   RICS 1999/17 30058105 06/08/2019 2 06/08/2019 Reference material      
    Dewey Decimal Classification     London London RICS Boxes 14/09/1999 2 RICS 1999/17 30058106 06/08/2019 3 06/08/2019 Book 5.00 01/03/2002 5.00